000
00278nam a22001217a 4500
008
180806b xxu||||| |||| 00| 0 eng d
082
_a
813.52
245
_a
Pregnancy Labor and Delivery
_c
Delmar
260
_c
2004
300
_a
6
_f
CD
440
_x
0840019874
942
_2
ddc
_c
MX
999
_c
46810
_d
46810